The Journal of the American Oriental Society

Detalles Bibliográficos
Formato: eBook
Lenguaje:inglés
Publicado: Ann Arbor: American Oriental Society, 1992 -
Materias:
Acceso en línea:Acceso restringido

MARC

LEADER 00000nam a22000007a 4500
005 20211018235746.0
007 cr|||| |||
008 211019c19929999us qr|w s|||| 0|||b1eng d
022 |a 0003-0279 
035 |a 2895 
040 |a vLex 
090 |c 12598  |d 12598 
245 0 3 |a The Journal of the American Oriental Society  |h [Recurso electrn̤ico] / 
256 |a Servicio en ln̕ea 
260 |a Ann Arbor:  |b American Oriental Society,  |c 1992 - 
300 |a 1 recurso electrn̤ico 
310 |a Trimestral 
506 1 |a Disponible solo en los productos indicados  |d vLex Global  |d vLex Global (Academic Edition, excluding Law Schools)  |d vLex Global (Academic Edition, Law Schools) 
650 0 4 |a Historia y geografa̕  |z Estados Unidos 
740 0 |a vLex Revistas (Servicio en ln̕ea) 
856 4 0 |u https://app.vlex.com/#/sources/2895  |z Acceso restringido 
942 |c REV 
999 0 |a History and geography